• 首页
  • 本馆介绍
  • 公告通知
  • 最新文献
  • 馆藏检索
  • 电子资源
  • 读者导购
  • 参考咨询
  • 我的图书馆
  • 登录
  • 详细信息显示
  • 放入我的书架
  • 预约/预借图书
  • 作者相关作品
  • 分类相关作品
  • 丛书相关作品
  • 出版社相关作品

书目信息

  • 表格格式
  • 工作单格式
  • 卡片格式
题名:
邓小平领导思想研究
    
 
作者: 罗海藩 主编
分册:  
出版信息: 长沙   湖南师范大学出版社  2004
页数: 334页
开本: 23cm
丛书名:
单 册:
中图分类: A849.164
科图分类:
主题词: 邓小平理论--领导思想--研究
电子资源:
ISBN: 7-81081-459-1
000 01102nam0 2200313 450
000 01065nam0 2200301 450
000 01030nam0 2200289 450
000 01028nam0 2200301 450
000 00974nam0 2200277 450
000 00992nam0 2200265 450
000 00955nam0 2200253 45
001 TS-175666
005 20061225160954.34
010    @a7-81081-459-1@dCNY28.00
100    @a20060829d2004 emky0chiy0110 ea
101 0  @achi
102    @aCN@b430000
105    @ay z 000yy
200 1  @a邓小平领导思想研究@Adeng xiao ping ling dao si xiang yan jiu@f罗海藩主编@FLuo Hai Fan Zhu Bian
210    @a长沙@c湖南师范大学出版社@d2004
215    @a334页@d23cm
330    @a本书主要介绍了邓小平领导思想的基本原则和内容体系,包括领导本质思想、领导制度思想、领导路线思想、领导人才思想和领导方法思想。
606  0 @a邓小平理论@x领导思想@y研究
690    @aA849.164@v4
701  0 @a罗海藩@Aluo hai fan@4主编
801  0 @aCN@b中图数据@c20061225
905    @a10447@dA849.164@e35
    
    邓小平领导思想研究/罗海藩主编.-长沙:湖南师范大学出版社,2004
    334页;23cm
    
    
    ISBN 7-81081-459-1:CNY28.00
    本书主要介绍了邓小平领导思想的基本原则和内容体系,包括领导本质思想、领导制度思想、领导路线思想、领导人才思想和领导方法思想。
●
相关链接 在E读中查询图书 在五车中查询图书 在当当中查询图书 在豆瓣中查询图书


正题名:邓小平领导思想研究     索取号:A849.164/35         预约/预借

序号 登录号 条形码 馆藏地/架位号 状态 备注
1 0606218   206062188   第一样本阅览室/ [索取号:A849.164/35] 在馆    
2 0606219   206062197   第一借阅区/ [索取号:A849.164/35] 在馆    
3 0606220   206062204   第一借阅区/ [索取号:A849.164/35] 在馆    
4 0606221   206062213   第一借阅区/ [索取号:A849.164/35] 在馆    
5 0606222   206062222   第一借阅区/ [索取号:A849.164/35] 在馆    
唐山师范学院图书馆 欢迎您!
大连网信软件有限公司© 版权所有